| Tag |
First Indicator |
Second Indicator |
Subfields |
| LEADER |
00000cam a2200000 i 4500 |
| 001 |
in00003597921 |
| 005 |
20211120173156.0 |
| 006 |
m o d f |
| 007 |
cr mn||||||||| |
| 008 |
150617s2015 dcu o f000 0 eng c |
| 035 |
|
|
|a (OCoLC)ocn911137390
|
| 040 |
|
|
|a GPO
|b eng
|e rda
|e pn
|c GPO
|d GPO
|d STF
|d COO
|d OCLCO
|d UBY
|d OCLCO
|d GPO
|d MvI
|d UtOrBLW
|
| 042 |
|
|
|a pcc
|
| 043 |
|
|
|a n-us---
|
| 049 |
|
|
|a WWW
|
| 050 |
1 |
4 |
|a KF27
|b .F6 2015c
|
| 074 |
|
|
|a 1017-C-07 (online)
|
| 086 |
0 |
|
|a Y 4.F 76/1:114-24
|
| 088 |
|
|
|a Serial no. 114-24 (United States. Congress. House. Committee on Foreign Affairs)
|
| 110 |
1 |
|
|a United States.
|b Congress.
|b House.
|b Committee on Foreign Affairs,
|e author.
|0 http://id.loc.gov/authorities/names/n79060504
|
| 245 |
1 |
0 |
|a Advancing U.S. interests in a troubled world :
|b the FY 2016 Foreign Affairs Budget : hearing before the Committee on Foreign Affairs, House of Representatives, One Hundred Fourteenth Congress, first session, February 25, 2015.
|
| 246 |
3 |
|
|a Advancing US interests in a troubled world
|
| 246 |
3 |
|
|a Advancing United States in a troubled world
|
| 264 |
|
1 |
|a Washington :
|b U.S. Government Publishing Office,
|c 2015.
|
| 300 |
|
|
|a 1 online resource (iii, 135 pages)
|
| 336 |
|
|
|a text
|b txt
|2 rdacontent
|
| 337 |
|
|
|a computer
|b c
|2 rdamedia
|
| 338 |
|
|
|a online resource
|b cr
|2 rdacarrier
|
| 500 |
|
|
|a Paper version available for sale by the Superintendent of Documents, U.S. Government Publishing Office.
|
| 500 |
|
|
|a "Serial Number 114-24."
|
| 500 |
|
|
|a Title from title screen (viewed June 17, 2015).
|
| 610 |
1 |
0 |
|a United States.
|b Department of State
|x Appropriations and expenditures.
|0 http://id.loc.gov/authorities/subjects/sh85140832
|
| 650 |
|
0 |
|a Economic assistance, American.
|0 http://id.loc.gov/authorities/subjects/sh85040770
|
| 650 |
|
0 |
|a Peace-building.
|0 http://id.loc.gov/authorities/subjects/sh2003003065
|
| 651 |
|
0 |
|a United States
|x Foreign relations
|x Finance.
|
| 655 |
|
7 |
|a Legislative hearings.
|2 lcgft
|0 http://id.loc.gov/authorities/genreForms/gf2011026362
|
| 776 |
0 |
8 |
|i Print version:
|a United States. Congress. House. Committee on Foreign Affairs.
|t Advancing U.S. interests in a troubled world
|w (OCoLC)911137376
|
| 776 |
0 |
8 |
|i Microfiche version:
|a United States. Congress. House. Committee on Foreign Affairs.
|t Advancing U.S. interests in a troubled world
|w (OCoLC)930603288
|
| 856 |
4 |
0 |
|u https://purl.fdlp.gov/GPO/gpo58443
|t 0
|
| 999 |
f |
f |
|s 670e4ce2-a22c-330c-8fa9-2b0419fcb045
|i 41cd66f8-37a1-38ca-a643-a1cfdbf4c605
|t 0
|
| 952 |
f |
f |
|a Texas A&M University
|b College Station
|c Electronic Resources
|d Available Online
|t 0
|e Y 4.F 76/1:114-24
|h Superintendent of Documents classification
|
| 998 |
f |
f |
|a Y 4.F 76/1:114-24
|t 0
|l Available Online
|